000 00341 a2200157 4500
001 57018
020 _a8575090593
040 _cAnchieta - Pituba
100 _aJones, Diana Wynne
240 1 0 _aOs magos de Caprona
_lpor
245 1 0 _aOs magos de Caprona
300 _a263
362 0 _a2002
650 4 _aLiteratura juvenil
942 _cBK
999 _c57018
_d57018